| 000 | 00707nam a22001817a 4500 | ||
|---|---|---|---|
| 008 | 240806b ||||| |||| 00| 0 eng d | ||
| 020 | _a9788995490426 | ||
| 050 |
_aBX9225 _bS64 2006 |
||
| 100 | _aSohn, Dong-Hee. | ||
| 245 |
_aMy cup overflows : _ban inspiring testimony of the martyrdom of the Reverend Yang- wŏn Son and his two sons / |
||
| 260 |
_aSeoul : _b Daesung.com Co., _c©2006. |
||
| 300 |
_a357 p. ; _billustrations, map, portraits ; _c23 cm |
||
| 600 | _2Sohn, Yang-Won. | ||
| 650 | _aPresbyterian Church -- Korea -- Clergy -- Biography. | ||
| 650 | _aKorea -- History -- Japanese occupation, 1910-1945 -- Personal narratives, Korean. | ||
| 700 | _a Lawrence, Ava. | ||
| 942 |
_2lcc _cBK |
||
| 999 |
_c59370 _d59370 |
||